Generalitat de Catalunya : Institut Nàutic de la Mediterrània Institut Nàutic de la Mediterrània
Descripción Física:
1 díptic : il. ; 22 cm
Materias:
Institut Nàutic de la Mediterrània
MARC
| LEADER | 00000nam a2200000Ia 4500 | ||
|---|---|---|---|
| 001 | 20487 | ||
| 003 | BGR | ||
| 005 | 20260410113634.0 | ||
| 008 | 160829s1934 xx 000 0 cat d | ||
| 080 | |a RF-7-74 | ||
| 110 | 2 | |a Institut Nàutic de la Mediterrània |9 71133 | |
| 245 | |a Generalitat de Catalunya : |b Institut Nàutic de la Mediterrània | ||
| 260 | |a Barcelona : |b Imp. Imperio, |c 1934 | ||
| 300 | |a 1 díptic : |b il. ; |c 22 cm | ||
| 590 | |a Prové de 4165, exp. 168 | ||
| 610 | 2 | 0 | |a Institut Nàutic de la Mediterrània |9 71133 |
| 710 | 1 | |a Catalunya. |b Generalitat |9 12125 | |
| 856 | 4 | |u https://media.diba.cat/diba/fitxers/arxiu/fulletons/bib_20487_1934_baixa.pdf |y Accés lliure | |
| 856 | 4 | |u https://media.diba.cat/diba/fitxers/arxiu/fulletons/bib_20487_1934_baixa.pdf |y Accés lliure | |
| 900 | |a bib_20487_1934_baixa.pdf | ||
| 901 | |a Arxiu | ||
| 942 | |n 1 |2 udc |c MON | ||
| 952 | |0 0 |1 0 |4 0 |6 RF774 |7 1 |9 54149 |a Arxiu |b Arxiu |d 2016-12-01 |l 0 |o RF-7-74 |p 20487 |r 2016-12-01 00:00:00 |w 2016-12-01 |y ARXIU | ||
| 999 | |c 58018 |d 58018 | ||